Tales of the mystic East (Record no. 2138)

MARC details
000 -LEADER
fixed length control field 00694 a2200205 4500
010 ## - LIBRARY OF CONGRESS CONTROL NUMBER
LC control number ENG-85376
020 ## - INTERNATIONAL STANDARD BOOK NUMBER
International Standard Book Number 8182567025
Terms of availability 100.00
035 ## - SYSTEM CONTROL NUMBER
System control number EN-68909
037 ## - SOURCE OF ACQUISITION
Source of stock number/acquisition D.B.Act / Pub
082 14 - DEWEY DECIMAL CLASSIFICATION NUMBER
Classification number S
090 ## - LOCALLY ASSIGNED LC-TYPE CALL NUMBER (OCLC); LOCAL CALL NUMBER (OCLC)
-- 2178
-- 2178
245 1# - TITLE STATEMENT
Title Tales of the mystic East
Remainder of title an anthropology of mystic and moral tales taken from the teachings of the Saints
250 ## - EDITION STATEMENT
Edition statement 10th ed
260 ## - PUBLICATION, DISTRIBUTION, ETC. (IMPRINT)
Place of publication, distribution, etc Beas
Name of publisher, distributor, etc Radha Swami Satsang
Date of publication, distribution, etc 2006
270 ## - ADDRESS
Address Dera Baba Jaimal Singh
City Beas (Pubaj)
Postal code 143 204
300 ## - PHYSICAL DESCRIPTION
Extent xviii, 298 p.
Dimensions 22 cm (Hb)
500 ## - GENERAL NOTE
General note includes glossary and index
942 ## - ADDED ENTRY ELEMENTS (KOHA)
Institution code [OBSOLETE] dpl
Koha item type English Books
Call number prefix S / TAL
Holdings
Withdrawn status Lost status Source of classification or shelving scheme Damaged status Not for loan Collection code Home library Current library Source of acquisition Cost, normal purchase price Total Checkouts Full call number Barcode Date last seen Copy number Uniform Resource Identifier Cost, replacement price Price effective from Koha item type
    Dewey Decimal Classification   Not For Loan Fiction D.B.Act.Division D.B.Act.Division DBAD/PUB 100.00   S TAL EN-68909 15/09/2008 1 2269 100.00 15/09/2008 English Books

© Delhi Public Library
Hit Counter
free hit counter